| 000 | 01707nam a22004337a 4500 | ||
|---|---|---|---|
| 001 | 000095211 | ||
| 003 | CHAP | ||
| 005 | 20220329143100.0 | ||
| 008 | 060213d2005 mx a d r 00110 spa d | ||
| 010 | _a91677 | ||
| 011 | _a92649 | ||
| 035 | _a103214 | ||
| 040 | _cCHAP | ||
| 090 | _aTesis | ||
| 100 | 1 |
_aEspinosa Franco, Alfonso _937928 |
|
| 245 | 1 | 0 |
_aAnálisis del esquema de comercialización tipo subasta de ganado bovino en México / _c/por Alfonso Espinosa Franco y Carlos Alberto Torres Eufracio. |
| 260 |
_aChapingo, Méx. : _bEl autor, _c2005. |
||
| 300 |
_a103 h. : _bilus. ; gráf. ; cuadros ; diagramas. |
||
| 502 | _aTesis (Lic. en Economía Agrícola) -- UACH. División de Ciencias Económico Administrativas | ||
| 590 |
_aALEPH _b10 _c20130110 _lUCH01 _h1508 |
||
| 590 |
_aBATCH-UPD _b10 _c20130110 _lUCH01 _h0613 |
||
| 590 |
_aBATCH-UPD _b10 _c20130410 _lUCH01 _h0256 |
||
| 590 |
_aBATCH-UPD _b10 _c20130410 _lUCH01 _h1619 |
||
| 590 |
_aBATCH-UPD _b10 _c20130914 _lUCH01 _h1525 |
||
| 590 |
_aBATCH-UPD _b10 _c20140324 _lUCH01 _h1453 |
||
| 590 |
_aBATCH-UPD _b10 _c20141002 _lUCH01 _h0828 |
||
| 590 |
_aCONVERSION _b10 _c20130109 _lUCH01 _h1351 |
||
| 590 |
_aE792CSJ _b10 _c20130612 _lUCH01 _h1005 |
||
| 650 | 1 | 4 |
_aGanado vacuno _xAspectos económicos. _945436 |
| 650 | 1 | 4 |
_aGanado vacuno _xMercadeo _xMéxico. _945484 |
| 700 | 1 |
_aTorres Eufracio, Carlos Alberto _9114088 |
|
| 856 |
_3Finding aid _uhttp://10.13.5.2/tesis/103214.pdf _zTeclea aquí |
||
| 901 | _aBK | ||
| 905 | _aMarco A. Mendoza T. | ||
| 942 | _cCD | ||
| 942 | _n0 | ||
| 949 |
_aTesis _bBC _cTES _d00000001032141 _eTS1 _gDonaciØn _h44601 _i103214 _sb |
||
| 949 |
_aTesis _bBC _cTES _d33724000980272 _eTS2 _fc.2 _gDonaciØn _h44602 _i103214 _sb |
||
| 999 |
_c91677 _d91677 |
||